| 000 | 00922nam a2200277I 4500 | ||
|---|---|---|---|
| 008 | |||
| 020 | _a9781904842361 (pbk.) | ||
| 049 | _aMAIN | ||
| 090 |
_aHC79.T4 _bENT |
||
| 245 | 0 | 0 |
_aEnterprise for life scientists : _bdeveloping innovation and entrepeneurship in the biosciences / _cedited by David J. Adams and John C. Sparrow. |
| 260 |
_aBloxham : _bScion, _cc2008. |
||
| 300 |
_axvi, 248 p. : _bcol. ill. ; _c24 cm. |
||
| 504 | _aIncludes bibliographical references. | ||
| 500 | _aIncludes index. | ||
| 650 | 0 |
_aLife scientists _xVocational guidance. |
|
| 650 | 0 | _aBusiness planning. | |
| 650 | 0 | _aBiotechnology industries. | |
| 650 | 1 | 2 |
_aBiotechnology _xeducation. |
| 700 | 1 | _aAdams, David J. | |
| 700 | 1 | _aSparrow, John C. | |
| 907 |
_a.b10326510 _b16-09-13 _c01-02-13 |
||
| 003 | |||
| 005 | 20230123122027.0 | ||
| 040 | _cNUST | ||
| 942 |
_cBOOKS _kHC79.T4 _mENT |
||
| 999 |
_c126541 _d126541 |
||